|
|
|
|
| LEADER |
02563 a2200337 4500 |
| 001 |
45261 |
| 003 |
BD-DhAAL |
| 005 |
20260121152242.0 |
| 008 |
260121t2025 bg ||||| b||| 001 0 eng d |
| 020 |
|
|
|a 9789845064668
|
| 040 |
|
|
|a BD-DhAAL
|c BD-DhAAL
|
| 082 |
1 |
4 |
|a 332.1095492
|
| 100 |
|
1 |
|a Counts, Alex.
|9 60186
|
| 245 |
1 |
0 |
|a Small loans, big dreams :
|b Muhammad Yunus, Grameen Bank and the microfinance revolution /
|c Alex Counts.
|
| 246 |
|
|
|a Small loans, big dreams
|
| 260 |
|
|
|a Dhaka :
|b The University Press Limited,
|c c2025.
|
| 300 |
|
|
|a xivii, 407 pages ;
|c 23 cm
|
| 500 |
|
|
|a Earlier versions of this book were published in 1996 by Random House under the title Give Us Credit and in 2008 by John Wiley & Sons under the title Small Loans, Big Dreams" -- t.p. verso.
|
| 504 |
|
|
|a Includes bibliographical references.
|
| 505 |
|
|
|a 1. Muhammad Yunus : from Vanderbilt to Chttagong
2. The birth of the Grameen Bank
3. Zianpur Bazaar
4. Les Papillons
5. Amena Begum's dream
6. Omiyale DuPart
7. The Haldar Para
8. The Maxwell Street Market
9. Krishna Das Bala
10. The Hip Hop Shop
11. Dry money in a monsoon
12. The Black on Black Love Festival
13. The sixteen decisions
14. "We're here for you
Epilogue.
|
| 520 |
|
|
|a Microfinance—providing affordable loans and other financial services to help the poorest people lift themselves out of poverty—was pioneered by the Grameen Bank in Bangladesh. In 2006, the bank and its founder, Muhammad Yunus, were jointly awarded the Nobel Peace Prize, and microfinance has since gone on to serve over 100 million people—mostly women—on five continents. Small Loans, Big Dreams is an account of the origins and development of microfinance, from the $27 in loans given by a young economics professor to liberate poor villagers from loan sharks to its present status as a sometimes-controversial global phenomenon.
|
| 541 |
1 |
|
|a The University Press Limited
|e 45261
|
| 600 |
1 |
0 |
|a Yunus, Muhammad,
|d 1940-
|
| 610 |
2 |
0 |
|a Grameen Bank.
|
| 650 |
|
0 |
|a Banks and banking
|z Bangladesh.
|
| 650 |
|
0 |
|a Rural poor
|z Bangladesh.
|
| 650 |
|
0 |
|a Microfinance
|x Developing countries.
|9 60192
|
| 650 |
|
7 |
|a Equity and Social Issues.
|9 60191
|
| 942 |
|
|
|c BK
|2 ddc
|
| 999 |
|
|
|c 47715
|d 47715
|
| 952 |
|
|
|0 0
|1 0
|2 ddc
|4 0
|6 332_109549200000000_COU
|7 0
|9 78721
|a BIGD
|b BIGD
|d 2026-01-14
|e University Press Limited
|g 900.00
|l 0
|o 332.1095492 COU
|p 3050045261
|r 2026-01-14
|t 1
|v 1800.00
|w 2026-01-14
|y BK
|x Requisitioned by Nazim Uddin Manager, Admin and logistics BIGD, BRAC University; According to the BIGD Bill and Register Book, the book has been cataloged.
|